El encanto de la física

Збережено в:
Бібліографічні деталі
Автор: Glashow, Sheldon L (Автор)
Формат: Книга
Мова:Іспанська
Опубліковано: Barcelona Tusquets 1995
Редагування:1a. ed
Серія:Metatemas
Предмети:
Теги: Додати тег
Немає тегів, Будьте першим, хто поставить тег для цього запису!

MARC

LEADER 00000nam a2200000 a 4500
001 UCH1253
003 CL-VaPUC
008 090416e19950000SP |||||||||||||||||spa|d
020 |a 847223830X 
082 0 4 |a 501  |b GLA  |2 21 
100 |a Glashow, Sheldon L  |e author  |9 535657 
245 1 3 |a El encanto de la física 
250 |a 1a. ed 
300 |a 342 p 
942 |c BK 
945 |d 20090416 00:00:00  |a rbrito 
260 |a Barcelona  |b Tusquets  |c 1995 
650 0 |a Filosofía de las ciencias  |9 256466 
583 |a last modification  |c 20090416 00:00:00  |k Rodrigo Vera 
490 0 |a Metatemas 
999 |c 333312  |d 333310 
952 |0 0  |1 0  |4 0  |6 501_000000000000000_GLA_1995  |7 0  |8 A  |9 421641  |a BIBCUR  |b BIBCUR  |d 2019-11-22  |i 4528425  |o 501 GLA 1995  |p 4528425  |r 2025-04-22  |w 2019-11-22  |y BK  |k FIS